书目信息 |
| 题名: |
椰林怒火
|
|
| 作者: | 一剑文化 著 | |
| 分册: | ||
| 出版信息: | 北京 台海出版社 2019 |
|
| 页数: | 296页 | |
| 开本: | 23cm | |
| 丛书名: | 指文 | |
| 单 册: | ||
| 中图分类: | K333.52 | |
| 科图分类: | ||
| 主题词: | 越南战争--Yue Nan Zhan Zheng | |
| 电子资源: | ||
| ISBN: | 978-7-5168-1174-0 | |
| 000 | 01151nam 2200289 45 | |
| 001 | 012001010711 | |
| 005 | 20131102164542.0 | |
| 010 | @a978-7-5168-1174-0@dCNY99.80 | |
| 099 | @aCAL 012017029123 | |
| 100 | @a20170320d2016 em y0chiy50 ea | |
| 101 | 0 | @achi |
| 102 | @aCN@b110000 | |
| 105 | @aab a 000yy | |
| 106 | @ar | |
| 200 | 1 | @a椰林怒火@AYe Lin Nu Huo@e从平也战役到安禄会战@f一剑文化著 |
| 210 | @a北京@c台海出版社@d2019 | |
| 215 | @a296页@c图, 地图@d23cm | |
| 225 | 2 | @a指文@Azhi wen@i战史系列@v065 |
| 320 | @a有书目 (第296页) | |
| 330 | @a1968年,越南人民军为了争取尽早促成战争胜利,发起了新春总攻击(持续8个月)。在这次大规模全面进攻行动中,越军把进攻重点放在了西贡、顺化和岘港。其中,又以西贡战役规模最大、最为血腥和残酷。这是越军在整个越南战争中仅次于广治战役的损失,也是联军在整个战争中对越军作战获得的最大战役胜利。 | |
| 410 | 0 | @12001 @a指文@i战史系列@v065 |
| 517 | 1 | @a从平也战役到安禄会战@ACong Ping Ye Zhan Yi Dao An Lu Hui Zhan |
| 606 | 0 | @a越南战争@AYue Nan Zhan Zheng |
| 690 | @aK333.52@v5 | |
| 701 | 0 | @a一剑文化@AYi Jian Wen Hua@4著 |
| 801 | 2 | @aCN@b上海新华@c20191020 |
| 905 | @b1182315-8@dK333.52@e7@f4 | |
| 椰林怒火:从平也战役到安禄会战/一剑文化著.-北京:台海出版社,2019 |
| 296页:图, 地图;23cm.-(指文.战史系列;065) |
| ISBN 978-7-5168-1174-0:CNY99.80 |
| 1968年,越南人民军为了争取尽早促成战争胜利,发起了新春总攻击(持续8个月)。在这次大规模全面进攻行动中,越军把进攻重点放在了西贡、顺化和岘港。其中,又以西贡战役规模最大、最为血腥和残酷。这是越军在整个越南战争中仅次于广治战役的损失,也是联军在整个战争中对越军作战获得的最大战役胜利。 |
| ● |
| 相关链接 |
|
|
|
|
正题名:椰林怒火
索取号:K333.52/7
 
预约/预借
| 序号 | 登录号 | 条形码 | 馆藏地/架位号 | 状态 | 备注 |
| 1 | 1182315 | 211823151 | 第二样本阅览室/ [索取号:K333.52/7] | 在馆 | |
| 2 | 1182316 | 211823160 | 第二借阅区/ [索取号:K333.52/7] | 在馆 | |
| 3 | 1182317 | 211823179 | 第二借阅区/ [索取号:K333.52/7] | 在馆 | |
| 4 | 1182318 | 211823188 | 第二借阅区/ [索取号:K333.52/7] | 在馆 |